[Event "Niedersachsen-ch U18"]
[Site "Norderney"]
[Date "2014.04.13"]
[Round "3"]
[White "Schlichter, Lisa"]
[Black "Wielebinski, Paul Martin"]
[Result "0-1"]
[WhiteElo "1646"]
[BlackElo "1768"]
[PlyCount "56"]
[EventDate "2014.04.??"]
[EventType "swiss"]
[EventRounds "9"]
[EventCountry "GER"]
[SourceTitle "EXT 2017"]
[Source "ChessBase"]
[SourceDate "2016.10.25"]
[SourceVersion "1"]
[SourceVersionDate "2016.10.25"]
[SourceQuality "1"]

1. e4 c5 2. Nf3 Nc6 3. c3 d5 4. exd5 Qxd5 5. Na3 Bg4 6. Be2 e5 7. 0-0 Nf6 8. Ng5 Bxe2 9. Qxe2 h6 10. Nf3 Be7 11. Re1 e4 12. Nh4 g5 13. Nb5 0-0-0 14. Nf5 Qxf5 15. Rd1 Nd5 16. d3 exd3 17. Rxd3 a6 18. Na3 Rhe8 19. Rf3 Qe5 20. Qf1 f5 21. Nc4 Qf6 22. Rd3 Ne5 23. Nxe5 Qxe5 24. Rd1 Bd6 25. g3 Nf6 26. Bd2 Ne4 27. Qg2 Nxd2 28. Rxd2 Qe1+ 0-1

[Event "Niedersachsen-ch U18"]
[Site "Norderney"]
[Date "2014.04.12"]
[Round "1"]
[White "Rosin, Julius"]
[Black "Wielebinski, Paul Martin"]
[Result "1-0"]
[WhiteElo "1876"]
[BlackElo "1768"]
[PlyCount "67"]
[EventDate "2014.04.??"]
[EventType "swiss"]
[EventRounds "9"]
[EventCountry "GER"]
[SourceTitle "EXT 2017"]
[Source "ChessBase"]
[SourceDate "2016.10.25"]
[SourceVersion "1"]
[SourceVersionDate "2016.10.25"]
[SourceQuality "1"]

1. d4 Nf6 2. Nf3 c5 3. e3 d5 4. b3 cxd4 5. exd4 e6 6. Bd3 Bd6 7. Bb2 Nc6 8. Nbd2 0-0 9. 0-0 Nb4 10. Be2 Bd7 11. c3 Nc6 12. Bd3 Rc8 13. Qe2 Qc7 14. Rae1 Rfe8 15. Ne5 Qa5 16. a4 Ne7 17. f4 Ng6 18. g4 Bc6 19. g5 Nd7 20. Qh5 Bxe5 21. fxe5 Ndf8 22. Re3 b5 23. b4 Qb6 24. a5 Qc7 25. Rh3 Rb8 26. Rf2 Qe7 27. Nf1 f5 28. gxf6 gxf6 29. Rxf6 Qg7 30. Rg3 Re7 31. Bc1 Be8 32. Bh6 Nf4 33. Bxg7 Bxh5 34. Bxf8+ 1-0